Balance de los derechos humanos I

Збережено в:
Бібліографічні деталі
Формат: Текст
Предмети:
Теги: Додати тег
Немає тегів, Будьте першим, хто поставить тег для цього запису!

MARC

LEADER 00000 a a2200000 04500
001 6550
003
040
245 |a Balance de los derechos humanos I  
650 |a DERECHOS HUMANOS  
650 |a DELINCUENCIA  
650 |a DESIGUALDAD SOCIAL  
650 |a HOMICIDIO  
773 |g volumen 22, número 981; páginas 33-40  
999 |c 22224  |d 22224